[Event "British Columbia op"]
[Site "Richmond"]
[Date "2014.02.09"]
[Round "3.10"]
[White "Ingram, Richard"]
[Black "Lee, Andrew"]
[Result "0-1"]
[WhiteElo "1835"]
[BlackElo "1960"]
[PlyCount "40"]
[EventDate "2014.02.08"]
[EventType "swiss"]
[EventRounds "6"]
[EventCountry "CAN"]
[SourceTitle "EXT 2022"]
[Source "ChessBase"]
[SourceDate "2021.10.06"]
[SourceVersion "1"]
[SourceVersionDate "2021.10.06"]
[SourceQuality "1"]

1. d4 d5 2. Nf3 Nf6 3. c4 c6 4. g3 Bf5 5. Bg2 e6 6. 0-0 Bd6 7. Nc3 Nbd7 8. Nd2 Bb4 9. e4 Bxc3 10. exf5 Bxd4 11. fxe6 fxe6 12. Re1 0-0 13. Nf3 Bxf2+ 14. Kxf2 Ng4+ 15. Kg1 e5 16. Bh3 Qb6+ 17. Kg2 h5 18. Rf1 e4 19. Ng5 Rf2+ 20. Kg1 Rxf1+ 0-1

[Event "British Columbia op"]
[Site "Richmond"]
[Date "2014.02.08"]
[Round "2.2"]
[White "Lee, Andrew"]
[Black "Villavieja, Butch"]
[Result "0-1"]
[WhiteElo "1960"]
[BlackElo "2227"]
[PlyCount "72"]
[EventDate "2014.02.08"]
[EventType "swiss"]
[EventRounds "6"]
[EventCountry "CAN"]
[SourceTitle "EXT 2022"]
[Source "ChessBase"]
[SourceDate "2021.10.06"]
[SourceVersion "1"]
[SourceVersionDate "2021.10.06"]
[SourceQuality "1"]

1. e4 c5 2. Nf3 d6 3. d4 cxd4 4. Nxd4 Nf6 5. Nc3 g6 6. Be3 Bg7 7. f3 Nc6 8. Qd2 0-0 9. 0-0-0 d5 10. Kb1 Nxd4 11. e5 Nf5 12. exf6 exf6 13. Bc5 Re8 14. Qxd5 Qc7 15. Nb5 Qa5 16. b4 Qa4 17. Nc3 Qc6 18. Bb5 Qc7 19. Bxe8 Be6 20. Bxf7+ Bxf7 21. Qd7 Qe5 22. Nd5 b6 23. Rhe1 Qxh2 24. Ne7+ Nxe7 25. Rxe7 Rf8 26. Bd6 Qxg2 27. Qb7 f5 28. Rc7 Qe2 29. Rc1 Qe6 30. Qxa7 Qxd6 31. c3 Qd3+ 32. Kb2 Qd5 33. Rd7 Qc6 34. Rc7 Qd6 35. Rd7 Qxb4+ 36. Ka1 Bxc3+ 0-1

[Event "British Columbia op"]
[Site "Richmond"]
[Date "2013.02.10"]
[Round "3"]
[White "Lee, Andrew"]
[Black "Pechisker, Alfred"]
[Result "0-1"]
[WhiteElo "1866"]
[BlackElo "2242"]
[PlyCount "96"]
[EventDate "2013.02.09"]
[EventType "swiss"]
[EventRounds "5"]
[EventCountry "CAN"]
[SourceTitle "EXT 2014"]
[Source "ChessBase"]
[SourceDate "2013.11.20"]
[SourceVersion "1"]
[SourceVersionDate "2013.11.20"]
[SourceQuality "1"]

1. e4 c5 2. Nf3 d6 3. d4 cxd4 4. Nxd4 Nf6 5. Nc3 a6 6. Be3 Qc7 7. Be2 b5 8. a3 Bb7 9. f3 e6 10. Qd2 Nc6 11. 0-0 Be7 12. Rad1 0-0 13. g4 Nxd4 14. Bxd4 e5 15. Be3 d5 16. exd5 Rad8 17. Bd3 b4 18. axb4 Bxb4 19. Bg5 Rd6 20. Qf2 Bxc3 21. bxc3 Qxc3 22. Qh4 h6 23. Bxh6 gxh6 24. Qxh6 Qd4+ 25. Kh1 Qf4 26. g5 Ne4 27. fxe4 Rxh6 28. Rxf4 exf4 29. gxh6 Kh7 30. Kg1 Kxh6 31. Ra1 Kg5 32. Bxa6 Ra8 33. d6 Bxe4 34. d7 Rd8 35. Re1 Bf5 36. Re5 Kf6 37. Rd5 Bxd7 38. Kf2 Ke7 39. Rd4 Rh8 40. Kg2 Bc6+ 41. Kg1 f3 42. Rd2 f5 43. Bd3 Ke6 44. c4 Ke5 45. Kf1 Kf4 46. Rf2 Ra8 47. Kg1 Ke3 48. Bf1 Rg8+ 0-1

[Event "British Columbia op"]
[Site "Richmond"]
[Date "2013.02.09"]
[Round "1"]
[White "Kenney, Jason"]
[Black "Lee, Andrew"]
[Result "0-1"]
[WhiteElo "2250"]
[BlackElo "1866"]
[PlyCount "34"]
[EventDate "2013.02.09"]
[EventType "swiss"]
[EventRounds "5"]
[EventCountry "CAN"]
[SourceTitle "EXT 2014"]
[Source "ChessBase"]
[SourceDate "2013.11.20"]
[SourceVersion "1"]
[SourceVersionDate "2013.11.20"]
[SourceQuality "1"]

1. d4 d5 2. c4 c6 3. Nf3 Nf6 4. Nc3 e6 5. e3 Nbd7 6. Qc2 Bd6 7. g4 dxc4 8. g5 Nd5 9. Bxc4 a6 10. e4 Nxc3 11. bxc3 c5 12. e5 Be7 13. Bd3 Qc7 14. Bxh7 b5 15. Be4 Bb7 16. 0-0 cxd4 17. Nxd4 Qxe5 0-1

[Event "British Columbia-ch U20"]
[Site "Vancouver"]
[Date "2011.11.13"]
[Round "5.5"]
[White "Han, Lionel"]
[Black "Lee, Andrew"]
[Result "1/2-1/2"]
[WhiteElo "1557"]
[BlackElo "1639"]
[PlyCount "68"]
[EventDate "2011.11.12"]
[EventType "swiss"]
[EventRounds "5"]
[EventCountry "CAN"]
[SourceTitle "EXT 2022"]
[Source "ChessBase"]
[SourceDate "2021.10.06"]
[SourceVersion "1"]
[SourceVersionDate "2021.10.06"]
[SourceQuality "1"]

1. e4 c5 2. Nf3 d6 3. d4 cxd4 4. Nxd4 Nf6 5. Nc3 a6 6. Be2 e6 7. Be3 Be7 8. 0-0 0-0 9. f4 Qc7 10. Bf3 Nc6 11. Qd2 Bd7 12. a4 Rab8 13. Nxc6 Bxc6 14. a5 Nd7 15. Na4 Nc5 16. Nxc5 dxc5 17. Qf2 Bb5 18. Rfc1 Rbc8 19. c4 Bc6 20. Rd1 Rfd8 21. e5 Be8 22. Rdc1 Qb8 23. Ra3 Bc6 24. Rb3 Bxf3 25. Qxf3 Rd7 26. Rd1 Rcd8 27. Rxd7 Rxd7 28. Qc6 Qc7 29. Qxc7 Rxc7 30. Rb6 Kf8 31. Kf2 Ke8 32. Ke2 Rd7 33. Rb3 Kd8 34. Rd3 Rxd3 1/2-1/2